Obálka Náhled e-knihy:
Epub
Pro půjčování e-knih musíte být přihlášeni.
Jak si půjčit online?

Slepičí polévka pro duši : o kočkách a lidech : 101 hebkých příběhů o malých zázracích, moudrosti... a škodolibosti /

Další svazek z dlouhé řady oblíbené americké edice inspirativních životních příběhů obsahuje 101 historek, jejichž společným jmenovatelem jsou kočky všech podob a povah.

Uloženo v:
Série:Slepičí polévka pro duši, část
Hlavní autor: Newmark, Amy (Autor)
Další autoři: Lambert, Miranda, 1983- (Autor), Bartoňová, Bronislava (wfw)
Médium: E-kniha
Jazyk:Czech
Vydáno: Praha : Práh, 2017
Vydání:Vydání první
Témata:
Příbuzné jednotky:Z cyklu:: Slepičí polévka pro duši
Tagy:
Žádné tagy
LEADER 02657cam a2200517 i 4500
001 310812
003 CZ PrSKC
005 20260601215655.0
007 ta
008 170510s2017 xr g 000 j cze d
015 |a cnb002900501 
020 |a 9788072526772  |q (brožováno) 
035 |a (OCoLC)993636915 
040 |a ULG001  |b cze  |d OLA001  |e rda 
041 1 |a cze  |h eng 
072 7 |a 821.111(73)-3  |x Americká próza  |2 Konspekt 
080 |a 821.111(73)-32  |2 MRF 
080 |a 636.8  |2 MRF 
080 |a 179.3  |2 MRF 
080 |a (0:82-32)  |2 MRF 
100 1 |a Newmark, Amy  |7 xx0127662  |4 aut 
240 1 0 |a Chicken soup for the soul: the cat did what?  |l Česky 
245 1 0 |a Slepičí polévka pro duši :  |b o kočkách a lidech : 101 hebkých příběhů o malých zázracích, moudrosti... a škodolibosti /  |c Amy Newmarková ; předmluva: Miranda Lambertová ; z anglického originálu přeložila Bronislava Bartoňová 
246 3 0 |a O kočkách a lidech 
250 |a Vydání první 
264 1 |a Praha :  |b Práh,  |c 2017 
300 |a 399 stran ;  |c 21 cm 
336 |a text  |b txt  |2 rdacontent 
337 |a bez média  |b n  |2 rdamedia 
338 |a svazek  |b nc  |2 rdacarrier 
520 2 |a Další svazek z dlouhé řady oblíbené americké edice inspirativních životních příběhů obsahuje 101 historek, jejichž společným jmenovatelem jsou kočky všech podob a povah. 
520 2 |a Kočky. Kolik mají tváří. Umí být hodné, přítulné, k sežrání. Ale dokážou nás také pořádně potrápit. Některé mají devět životů - jiné životy zachraňují. Některé demolují domovy - díky jiným drží rodiny pohromadě. Z některých šílíme - jiné jsou našimi osobními psychoterapeuty... Nakladatelská anotace. Kráceno. 
650 0 7 |a kočky  |7 ph115000  |2 czenas 
650 0 7 |a člověk a zvíře  |7 ph128185  |2 czenas 
650 0 9 |a cats  |2 eczenas 
650 0 9 |a human-animal relationships  |2 eczenas 
655 7 |a americké povídky  |7 fd131793  |2 czenas 
655 9 |a American short stories  |2 eczenas 
700 1 |a Lambert, Miranda,  |d 1983-  |7 xx0071108  |4 wfw 
700 1 |a Bartoňová, Bronislava  |7 xx0069183  |4 trl 
787 0 8 |i Z cyklu:  |t Slepičí polévka pro duši 
900 |a ABA001  |b 20 
044 |a xr 
910 |a RBIT002 
998 |d 174286  |a https://core.palmknihy.cz/api/books/174286/cover?q3sof5  |b https://core.palmknihy.cz/api/books/174286/cover/400?aootd8  |c https://core.palmknihy.cz/api/books/174286/cover/50?g2pu39  |e 2026-12-15  |g 564  |i 9788072526772  |j https://core.palmknihy.cz/api/books/174286/preview.epub  |l   |q 49  |r 1  |s https://www.palmknihy.cz/kniha/174286  |t ebook  |y 2017  |z 0  |v Slepičí polévka pro duši  |w 2 
999 |d 310810